Priemyselná logistika

Salvato in:
Dettagli Bibliografici
Autore principale: Krajčovič, Martin
Natura: Libro
Lingua:slovacco
Pubblicazione: Žilina Žilinská univerzita v Žiline 2004
Serie:Vysokoškolské učebnice
Soggetti:
Tags: Aggiungi Tag
Nessun Tag, puoi essere il primo ad aggiungerne!!

MARC

LEADER 00000nam$a2200000$$$4500
001 0112108
005 20240226122830.1
020 |a 80-8070-226-8 
041 0 |a slo 
044 |a SK 
245 1 0 |a Priemyselná logistika  |c Martin Krajčovič a kolektív 
264 1 |a Žilina  |b Žilinská univerzita v Žiline  |c 2004 
300 |a 378 s. 
490 1 |a Vysokoškolské učebnice 
830 0 |a Vysokoškolské učebnice 
610 2 0 |a logistika 
610 2 0 |a priemysel 
610 2 0 |a logistika podniková 
610 2 0 |a metódy 
610 2 0 |a služby 
610 2 0 |a zákazníci 
100 1 |a Krajčovič, Martin